000 00307nam a2200133Ia 4500
005 20251222155046.0
008 251222s9999||||xx |||||||||||||| ||spa||
082 _aETI.127
100 _aSANCHEZ TORRES,Fer.
245 0 _aCatecismo de etica medica
250 _a1ra. ed.
264 _bHerder
942 _cLIB
999 _c37109
_d37109